000 00590nam a22001817a 4500
005 20231115133124.0
008 231115b |||||||| |||| 00| 0 eng d
020 _a0702131628
041 _aEnglish
082 _a344.1 LER
100 _aLe Roux, PAK and van Niekerk, A
_lEnglish
245 _aThe South African Law of Unfair Dismissal /
_cPAK Le Roux and A van Niekerk
250 _aFirst Edition
260 _aCape Town :
_bJuta and Company Ltd,
_c1994
300 _bxl, 355 pages ;
_c25,5 cm.
650 _aLegal practice
_bLaw
942 _cBK
_6ALISON_BN_VRIES
999 _c685
_d685